Score 0/24 Timer 05:00
0 Plays Today
Hint Answer % Correct
Rainbow Dash
95.1%
Applejack
93.4%
Pinkie Pie
91.7%
Twilight Sparkle
90%
Fluttershy
88.7%
Rarity
86.4%
Princess Luna
85.2%
Princess Celestia
82%
Granny Smith
73.9%
Princess Cadance
71.3%
Big McIntosh
71%
Shining Armor
70.3%
Hint Answer % Correct
Mrs. Cup Cake
64%
Diamond Tiara
63.7%
Mr. Carrot Cake
62%
Trixie
61.5%
Snails
61.4%
Snips
60.8%
Silver Spoon
60.3%
Zecora
58.8%
Derpy
51.2%
DJ Pon-3
49.9%
Dr. Hooves
44.8%
Octavia Melody
44.1%
Remove Ads.
Support Sporcle.
Get the best of Sporcle when you Go Orange. This ad-free experience offers more features, more stats, and more fun while also helping to support Sporcle. Thank you for becoming a member.

You're not logged in!

Compare scores with friends on all Sporcle quizzes.
OR
Log In

Sporcle TV

Today on Sporcle TV


Watch our educational content, quiz creation guides, and fun videos on Sporcle TV.

Show Comments

Extras

Top Quizzes Today


Score Distribution

Paid Content

Your Account Isn't Verified!

In order to create a playlist on Sporcle, you need to verify the email address you used during registration. Go to your Sporcle Settings to finish the process.

Report this User

Report this user for behavior that violates our Community Guidelines.

Details: